Online Catalogue and eLibrary

Vishnu on Freud's Desk : (Record no. 909)

MARC details
000 -LEADER
fixed length control field 00559nam a2200205Ia 4500
005 - DATE AND TIME OF LATEST TRANSACTION
control field 20240730054626.0
008 - FIXED-LENGTH DATA ELEMENTS--GENERAL INFORMATION
fixed length control field 240331s9999 xx 000 0 und d
020 ## - INTERNATIONAL STANDARD BOOK NUMBER
ISBN 0195658353
082 ## - DDC Classification
Class No. 294
Item Number - Author Mark VIS
245 #0 - TITLE STATEMENT
Title Vishnu on Freud's Desk :
Remainder of title a reader in psychoanalysis and Hinduism
260 ## - PUBLICATION, DISTRIBUTION, ETC.
Place of publication, distribution, etc. New Delhi
Name of publisher, distributor, etc. Oxford University Press
Date of publication, distribution, etc. 1999
300 ## - PHYSICAL DESCRIPTION
Extent (e.g. Volumes, Pages etc.) x, 481 p .,
650 ## - SUBJECT ADDED ENTRY--TOPICAL TERM
Topical term or geographic name entry element Psychology
650 ## - SUBJECT ADDED ENTRY--TOPICAL TERM
Topical term or geographic name entry element Sociology
650 ## - SUBJECT ADDED ENTRY--TOPICAL TERM
Topical term or geographic name entry element Cultural
650 ## - SUBJECT ADDED ENTRY--TOPICAL TERM
Topical term or geographic name entry element Hindu thoughts
700 ## - ADDED ENTRY--PERSONAL NAME
Personal name Viadyanathan,T.G.
Relator term (Role) Editor
700 ## - ADDED ENTRY--PERSONAL NAME
Personal name Kripal, J. Jeffrey
Relator term (Role) Editor
942 ## - Koha item type (Biblio)
Koha item type Books in Stacks (Lending)
Holdings
Lost status Damaged status Collection code Home library Current library Shelving location Date acquired Full call number Accession Number Item type
    Lending WERC Library WERC Library Social Science Cupboard 03/31/2024 294 VIS 4727 Books in Stacks (Lending)

© WERC Library